Vista normal
Vista MARC
Entrada Nombre corporativo
Número de registros utilizados en: 69
001 - NÚMERO DE CONTROL
- Campo de control: 2538
003 - IDENTIFICADOR DE NÚMERO DE CONTROL
- Campo de control: ES-MaCES
005 - FECHA Y HORA DE LA ULTIMA MODIFICACION
- Campo de control: 20020619132800.0
008 - ELEMENTOS DE DATOS DE LONGITUD FIJA
- Campo de longitud fija: 981120 | azznnaabn || ana d
035 ## - NÚMERO DE CONTROL DEL SISTEMA
- Número de control del sistema: CES19980001719e
040 ## - FUENTE DE LA CATALOGACIÓN
- Agencia original de catalogación: ES-MaCES
- Idioma de catalogación: spa
- Agencia de transcripción: ES-MaCES
110 2# - ENCABEZAMIENTO--NOMBRE CORPORATIVO
- Nombre corporativo o de jurisdicción como elemento de entrada: Consejo Superior de las Cámaras Oficiales de Comercio, Industria y Navegación de España
410 2# - TRAZADO VEÁSE--NOMBRE CORPORATIVO
- Nombre corporativo o de jurisdicción como elemento de entrada: Cámaras de Comercio
410 2# - TRAZADO VEÁSE--NOMBRE CORPORATIVO
- Nombre corporativo o de jurisdicción como elemento de entrada: Cámaras de Comercio, Industria y Navegación de España
- Unidad subordinada: Servicio de Estudios
410 2# - TRAZADO VEÁSE--NOMBRE CORPORATIVO
- Nombre corporativo o de jurisdicción como elemento de entrada: Ccámaras
410 2# - TRAZADO VEÁSE--NOMBRE CORPORATIVO
- Nombre corporativo o de jurisdicción como elemento de entrada: Consejo Superior de Cámaras de Comercio, Industria y Navegación de España
670 ## - FUENTE DE DATOS ENCONTRADOS
- Fuente de citación: Biblioteca Nacional
901 ## - CES. DATOS SIRTEX
- ID Sirtex (N5N8): 0001800000171
- 005BIS Sirtex: 199811201742MIG

